[Event "King's Gambit (1500-1800)"]
[Site "SchemingMind.com"]
[Date "2008.12.12"]
[Round "-"]
[White "Harold"]
[Black "sthorwall"]
[Result "1/2-1/2"]
[WhiteCountry "GBR"]
[BlackCountry "USA"]
[WhiteElo "1641"]
[WhiteRD "77"]
[BlackElo "1791"]
[BlackRD "53"]
[GameID "182360"]

1. e4 e5 2. f4 Bc5 3. Nf3 d6 4. Nc3 Nc6 5. Bc4 Nf6 6. d3 O-O 7. Na4 Bb6 8. Nxb6 axb6 9. O-O d5 10. exd5 Nxd5
11. fxe5 Bg4 12. Bg5 Qxg5 13. Nxg5 Bxd1 14. Bxd5 Bh5 15. Rae1 h6 16. Nf3 Rfd8 17. Bb3 Re8 18. e6 Kf8 19. Ne5 f6 20. g4 Nxe5
21. gxh5 Ra5 22. d4 Nc6 23. d5 Nd4 24. Re3 Nxb3 25. cxb3 Rxd5=
1/2-1/2

[Event "King's Gambit (1500-1800)"]
[Site "SchemingMind.com"]
[Date "2008.12.12"]
[Round "-"]
[White "sthorwall"]
[Black "Harold"]
[Result "0-1"]
[WhiteCountry "USA"]
[BlackCountry "GBR"]
[WhiteElo "1791"]
[WhiteRD "53"]
[BlackElo "1641"]
[BlackRD "77"]
[GameID "182361"]

1. e4 e5 2. f4 exf4 3. Nf3 d6 4. d4 g5 5. h4 g4 6. Ng1 Qf6 7. Nc3 Ne7 8. Qd3 a6 9. Nge2 f3 10. Ng3 Nbc6
11. gxf3 Qxf3 12. Qxf3 gxf3 13. Bh3 Bxh3 14. Rxh3 Nxd4 15. Nf5 Nxc2+ 16. Kd2 Nxa1
0-1

[Event "King's Gambit (1500-1800)"]
[Site "SchemingMind.com"]
[Date "2008.12.14"]
[Round "-"]
[White "sthorwall"]
[Black "Rotceh"]
[Result "1-0"]
[WhiteCountry "USA"]
[BlackCountry "MEX"]
[WhiteElo "1791"]
[WhiteRD "53"]
[BlackElo "1412"]
[BlackRD "62"]
[GameID "182999"]

1. e4 e5 2. f4 Bc5 3. Nf3 d6 4. c3 Nf6 5. d4 exd4 6. cxd4 Bb6 7. Nc3 Nc6 8. e5 dxe5 9. fxe5 Nd5 10. Bg5 f6
11. exf6
1-0

[Event "King's Gambit (1500-1800)"]
[Site "SchemingMind.com"]
[Date "2008.12.17"]
[Round "-"]
[White "jtrochez1"]
[Black "Harold"]
[Result "0-1"]
[WhiteCountry "HON"]
[BlackCountry "GBR"]
[WhiteElo "1546"]
[WhiteRD "48"]
[BlackElo "1641"]
[BlackRD "77"]
[GameID "183010"]

1. e4 e5 2. f4 exf4 3. Nf3 d6 4. d4 g5 5. Qe2 g4 6. Bxf4 gxf3 7. Qxf3 Qf6 8. e5 Qe7 9. Ba6 Nxa6 10. c3 dxe5
11. Bxe5 f6 12. Qh5+ Kd8 13. O-O fxe5 14. dxe5 Bd7 15. Nd2 Bg7 16. Rae1 Nh6 17. Qd1 c6 18. Nf3 Kc7 19. b4 Rad8 20. Qe2 Be6
21. a4 Ng4 22. b5 Nb8 23. c4 Qc5+ 24. Kh1 Bxc4 25. Qc2 Qd5 26. Rg1 Bd3 27. Qc1 Nf2#
0-1

[Event "King's Gambit (1500-1800)"]
[Site "SchemingMind.com"]
[Date "2008.12.13"]
[Round "-"]
[White "jtrochez1"]
[Black "Rotceh"]
[Result "1-0"]
[WhiteCountry "HON"]
[BlackCountry "MEX"]
[WhiteElo "1546"]
[WhiteRD "48"]
[BlackElo "1412"]
[BlackRD "62"]
[GameID "183011"]

1. e4 e5 2. f4 Bc5 3. f5 Qh4+ 4. g3 Qxe4+ 5. Qe2 Qxh1 6. Qxe5+ Be7 7. Qxg7 Qe4+ 8. Ne2 Bf6 9. Qxh8 Bxh8 10. d3 Qxf5
11. Bd2 Bxb2 12. Bc3 Bxa1 13. Bxa1
1-0

[Event "King's Gambit (1500-1800)"]
[Site "SchemingMind.com"]
[Date "2008.12.17"]
[Round "-"]
[White "jtrochez1"]
[Black "sthorwall"]
[Result "0-1"]
[WhiteCountry "HON"]
[BlackCountry "USA"]
[WhiteElo "1559"]
[WhiteRD "50"]
[BlackElo "1763"]
[BlackRD "56"]
[GameID "183012"]

1. e4 e5 2. f4 exf4 3. d4 Qh4+ 4. Ke2 d6 5. Nf3 Bg4 6. Bxf4 Nf6 7. Ke3 Be7 8. Be2 Qh5 9. Nbd2 Nc6 10. h3 Bxf3
11. Bxf3 Qb5 12. Nb3 Qb6 13. c3 Ne5 14. Bxe5 dxe5 15. Ke2 O-O 16. d5 c6 17. c4 cxd5 18. exd5 e4 19. Bg4 h5 20. Kf1 hxg4
21. hxg4 Qc7 22. Kg1 Bc5+ 23. Nxc5 Qxc5+ 24. Kf1 Qxc4+ 25. Kg1 Rad8 26. g5 Qc5+ 27. Kf1 Rxd5 28. Qb3 Rf5+ 29. Ke2 Qf2+ 30. Kd1 Rc8
31. gxf6 e3 32. Qb4 Rd5+
0-1

[Event "King's Gambit (1500-1800)"]
[Site "SchemingMind.com"]
[Date "2008.12.17"]
[Round "-"]
[White "Harold"]
[Black "jtrochez1"]
[Result "1-0"]
[WhiteCountry "GBR"]
[BlackCountry "HON"]
[WhiteElo "1674"]
[WhiteRD "78"]
[BlackElo "1580"]
[BlackRD "48"]
[GameID "183013"]

1. e4 e5 2. f4 exf4 3. Nf3 d6 4. d4 c6 5. Bxf4 h6 6. Bc4 d5 7. exd5 cxd5 8. Qe2+ Be6 9. Bb3 Nc6 10. O-O a6
11. c4 Be7 12. Ba4 Bg4 13. Nc3 Nf6 14. Rae1 O-O 15. Bxc6 bxc6 16. Qxe7 Qxe7 17. Rxe7 Bxf3 18. Rxf3 Rfe8 19. Rxe8+ Rxe8 20. b3 Ng4
21. h3 Re1+ 22. Rf1 Rxf1+ 23. Kxf1 Nf6 24. cxd5 cxd5 25. Be5 Kf8 26. Bxf6 gxf6 27. Nxd5 Kg7 28. Ne7 h5 29. b4 Kf8 30. Nd5 Kg7
31. Nc7
1-0

[Event "King's Gambit (1500-1800)"]
[Site "SchemingMind.com"]
[Date "2008.12.13"]
[Round "-"]
[White "Rotceh"]
[Black "jtrochez1"]
[Result "0-1"]
[WhiteCountry "MEX"]
[BlackCountry "HON"]
[WhiteElo "1412"]
[WhiteRD "62"]
[BlackElo "1546"]
[BlackRD "48"]
[GameID "183014"]

1. e4 e5 2. f4 exf4 3. Nf3 Nc6 4. d4 d6 5. Nc3 a6 6. Bxf4 h6 7. d5 Nb8 8. Qd2 Be7 9. Be2 Bg4 10. O-O Nf6
11. Nh4 Bxe2 12. Qxe2 Nbd7 13. Nf5 Bf8
0-1

[Event "King's Gambit (1500-1800)"]
[Site "SchemingMind.com"]
[Date "2008.12.17"]
[Round "-"]
[White "sthorwall"]
[Black "jtrochez1"]
[Result "1/2-1/2"]
[WhiteCountry "USA"]
[BlackCountry "HON"]
[WhiteElo "1763"]
[WhiteRD "56"]
[BlackElo "1559"]
[BlackRD "50"]
[GameID "183015"]

1. e4 e5 2. f4 exf4 3. Nf3 d5 4. e5 Nc6 5. d4 Bg4 6. Bxf4 Bxf3 7. gxf3 Qh4+ 8. Bg3 Qxd4 9. Nc3 Nge7 10. Bb5 Qb4
11. Bxc6+ bxc6 12. Qd3 Qc4 13. Qxc4 dxc4 14. e6 fxe6 15. Bxc7 Nd5 16. Be5 Nxc3 17. Bxc3 O-O-O 18. Kf2=
1/2-1/2

[Event "King's Gambit (1500-1800)"]
[Site "SchemingMind.com"]
[Date "2008.12.22"]
[Round "-"]
[White "Gary"]
[Black "Harold"]
[Result "0-1"]
[WhiteCountry "ENG"]
[BlackCountry "GBR"]
[WhiteElo "1591"]
[WhiteRD "63"]
[BlackElo "1641"]
[BlackRD "77"]
[GameID "184010"]

1. e4 e5 2. f4 exf4 3. Nf3 d6 4. d4 g5 5. h4 g4 6. Ng5 f6 7. Bxf4 fxg5 8. Bxg5 Be7 9. Bxe7 Qxe7 10. Nc3 Nf6
11. Bc4 Nxe4 12. Nxe4 Qxe4+ 13. Qe2 Qxe2+ 14. Kxe2 Nc6 15. c3 Bf5 16. Bb5 O-O-O 17. Rhf1 Bd7 18. Rae1 Nxd4+
0-1

[Event "King's Gambit (1500-1800)"]
[Site "SchemingMind.com"]
[Date "2008.12.18"]
[Round "-"]
[White "Gary"]
[Black "jtrochez1"]
[Result "1-0"]
[WhiteCountry "ENG"]
[BlackCountry "HON"]
[WhiteElo "1412"]
[WhiteRD "58"]
[BlackElo "1578"]
[BlackRD "51"]
[GameID "184011"]

1. e4 e5 2. f4 Nc6 3. Nf3 d6 4. Bb5 Bd7 5. Nc3 Nf6 6. d3 Bg4 7. O-O Be7 8. Nd5 O-O 9. Bxc6 bxc6 10. Nc3 exf4
11. Bxf4 Nh5 12. Be3 Bf6 13. Qd2 Be6 14. Rad1 Be7 15. Nd4 Bd7 16. Nf5 g6 17. Nxe7+ Qxe7 18. Bh6 Ng7 19. Rf2 Be6 20. Rdf1 Rfe8
21. Ne2 f5 22. Nd4 Bd7 23. c3 c5 24. Nc2 Be6 25. b3 a6 26. Ne3 c6 27. Bxg7 Qxg7 28. exf5 Bf7 29. f6 Qh6 30. Rf3 d5
31. Rh3 Qf8 32. Ng4 Re6 33. d4 Rae8 34. Ne5 Rd8 35. Qg5 Rxe5 36. dxe5 d4 37. Rf4 Be6 38. Rh6 Bf5 39. Rxf5 dxc3 40. Rxg6+ Kh8
41. Rg7 c2 42. Qh6 c1=Q+ 43. Qxc1 c4 44. Rh5 Qc5+ 45. Kh1
1-0

[Event "King's Gambit (1500-1800)"]
[Site "SchemingMind.com"]
[Date "2008.12.22"]
[Round "-"]
[White "Gary"]
[Black "Rotceh"]
[Result "1-0"]
[WhiteCountry "ENG"]
[BlackCountry "MEX"]
[WhiteElo "1591"]
[WhiteRD "63"]
[BlackElo "1412"]
[BlackRD "62"]
[GameID "184012"]

1. e4 e5 2. f4 Bc5 3. Nf3 d6 4. h3 Nf6 5. Nc3 exf4 6. d4 Bb4 7. Bxf4 O-O 8. Bd3 d5 9. e5 Ne4 10. Bxe4 dxe4
11. Nd2 Bxc3 12. bxc3
1-0

[Event "King's Gambit (1500-1800)"]
[Site "SchemingMind.com"]
[Date "2008.12.19"]
[Round "-"]
[White "Gary"]
[Black "sthorwall"]
[Result "1/2-1/2"]
[WhiteCountry "ENG"]
[BlackCountry "USA"]
[WhiteElo "1591"]
[WhiteRD "63"]
[BlackElo "1791"]
[BlackRD "53"]
[GameID "184013"]

1. e4 e5 2. f4 d5 3. exd5 e4 4. Nc3 Nf6 5. Bb5+ c6 6. dxc6 Nxc6 7. Nge2 a6 8. Bxc6+ bxc6 9. O-O Bc5+ 10. Kh1 Bg4
11. h3 Bxe2 12. Qxe2 Qe7 13. Na4 O-O 14. Nxc5 Qxc5 15. d3 Rfe8 16. Be3 Qh5 17. Qxh5 Nxh5 18. Bf2 e3 19. Be1 Nf6 20. Bc3 e2
21. Rf2 Nh5 22. g4 Ng3+ 23. Kg2 Nf1 24. Bd4 e1=Q 25. Rxe1 Rxe1 26. Rxf1 Rxf1=
1/2-1/2

[Event "King's Gambit (1500-1800)"]
[Site "SchemingMind.com"]
[Date "2008.12.22"]
[Round "-"]
[White "Harold"]
[Black "Gary"]
[Result "1-0"]
[WhiteCountry "GBR"]
[BlackCountry "ENG"]
[WhiteElo "1641"]
[WhiteRD "77"]
[BlackElo "1591"]
[BlackRD "63"]
[GameID "184014"]

1. e4 e5 2. f4 exf4 3. Nf3 g5 4. h4 g4 5. Ng5 h5 6. d4 f6 7. Bxf4 fxg5 8. Bxg5 Be7 9. Qd2 Bxg5 10. hxg5 d5
11. Nc3 dxe4 12. Bc4 Bf5 13. O-O Ne7 14. Rae1 Qd7 15. Nxe4 Nbc6 16. Nf6+
1-0

[Event "King's Gambit (1500-1800)"]
[Site "SchemingMind.com"]
[Date "2008.12.17"]
[Round "-"]
[White "jtrochez1"]
[Black "Gary"]
[Result "0-1"]
[WhiteCountry "HON"]
[BlackCountry "ENG"]
[WhiteElo "1532"]
[WhiteRD "50"]
[BlackElo "1512"]
[BlackRD "101"]
[GameID "184015"]

1. e4 e5 2. f4 exf4 3. d4 Qh4+ 4. Kd2 Qf2+ 5. Ne2 Nf6 6. Nc3 Bb4 7. Kd3 f3 8. Be3 fxe2 9. Nxe2 Qh4 10. g3 Qxe4+
11. Kc4 Nc6 12. Bg2 Qxg2 13. Qd3 Qd5#
0-1

[Event "King's Gambit (1500-1800)"]
[Site "SchemingMind.com"]
[Date "2008.12.22"]
[Round "-"]
[White "Rotceh"]
[Black "Gary"]
[Result "0-1"]
[WhiteCountry "MEX"]
[BlackCountry "ENG"]
[WhiteElo "1412"]
[WhiteRD "62"]
[BlackElo "1591"]
[BlackRD "63"]
[GameID "184016"]

1. e4 e5 2. f4 exf4 3. Nf3 g5 4. Bc4 Nc6 5. d4 Bg7 6. c3 g4 7. d5 Na5 8. Nfd2 Qh4+ 9. Kf1 Nf6 10. Qe1 Qxe1+
11. Kxe1 Nxe4
0-1

[Event "King's Gambit (1500-1800)"]
[Site "SchemingMind.com"]
[Date "2008.12.19"]
[Round "-"]
[White "sthorwall"]
[Black "Gary"]
[Result "1/2-1/2"]
[WhiteCountry "USA"]
[BlackCountry "ENG"]
[WhiteElo "1763"]
[WhiteRD "56"]
[BlackElo "1619"]
[BlackRD "73"]
[GameID "184017"]

1. e4 e5 2. f4 exf4 3. Nf3 g5 4. h4 g4 5. Ne5 h5 6. Bc4 Nh6 7. d4 d6 8. Nd3 f5 9. Nxf4 Nf7 10. Bxf7+ Kxf7
11. O-O Nc6 12. d5 Ne5 13. Ne6 Bxe6 14. dxe6+ Kxe6 15. exf5+ Kf7 16. Qd5+ Kg7 17. f6+ Kg6 18. Qxb7 Bh6 19. Qe4+ Kf7 20. Qd5+ Kg6
21. Qe4+=
1/2-1/2

[Event "King's Gambit (1500-1800)"]
[Site "SchemingMind.com"]
[Date "2008.12.22"]
[Round "-"]
[White "Lazaro"]
[Black "Harold"]
[Result "0-1"]
[WhiteCountry "CUB"]
[BlackCountry "GBR"]
[WhiteElo "1508"]
[WhiteRD "77"]
[BlackElo "1634"]
[BlackRD "79"]
[GameID "184055"]

1. e4 e5 2. f4 exf4 3. Bc4 Qh4+ 4. Kf1 Nf6 5. Nf3 Qh5 6. Nc3 c6 7. d4 d5 8. exd5 cxd5 9. Bb5+ Bd7 10. Bxd7+ Nbxd7
11. Qe1+ Be7 12. Bxf4 Qf5
0-1

[Event "King's Gambit (1500-1800)"]
[Site "SchemingMind.com"]
[Date "2008.12.21"]
[Round "-"]
[White "Lazaro"]
[Black "Gary"]
[Result "1-0"]
[WhiteCountry "CUB"]
[BlackCountry "ENG"]
[WhiteElo "1580"]
[WhiteRD "79"]
[BlackElo "1619"]
[BlackRD "73"]
[GameID "184056"]

1. e4 e5 2. f4 exf4 3. Bc4 Nf6 4. Nc3 Be7 5. e5 Ng8 6. d4 d6 7. Bxf4 dxe5 8. Qh5 g6 9. Qxe5 Nf6 10. Nd5 O-O
11. Nxe7+ Kg7 12. Bh6+
1-0

[Event "King's Gambit (1500-1800)"]
[Site "SchemingMind.com"]
[Date "2008.12.21"]
[Round "-"]
[White "Lazaro"]
[Black "jtrochez1"]
[Result "1/2-1/2"]
[WhiteCountry "CUB"]
[BlackCountry "HON"]
[WhiteElo "1587"]
[WhiteRD "81"]
[BlackElo "1546"]
[BlackRD "48"]
[GameID "184057"]

1. e4 e5 2. f4 d6 3. d3 Nf6 4. Nf3 Nc6 5. Nc3 Bg4 6. Be2 Bxf3 7. Bxf3 Be7 8. O-O a6 9. Be3 O-O 10. Qe1 Qe8
11. Qg3 Kh8 12. fxe5 dxe5 13. Nd5 Qd8 14. Nxe7 Qxe7 15. Bg5 Rg8 16. Qh4 Qc5+ 17. Qf2 Qxf2+ 18. Rxf2 Ne8 19. Bh5=
1/2-1/2

[Event "King's Gambit (1500-1800)"]
[Site "SchemingMind.com"]
[Date "2008.12.21"]
[Round "-"]
[White "Lazaro"]
[Black "sthorwall"]
[Result "1/2-1/2"]
[WhiteCountry "CUB"]
[BlackCountry "USA"]
[WhiteElo "1580"]
[WhiteRD "79"]
[BlackElo "1763"]
[BlackRD "56"]
[GameID "184059"]

1. e4 e5 2. f4 exf4 3. Bc4 Qh4+ 4. Kf1 Bc5 5. d4 d5 6. Nf3 Bg4 7. Bxd5 Nf6 8. Nxh4 Bxd1 9. Bxb7 Bxd4 10. Bxa8 c6
11. c3 Be5 12. Nf3 Bxf3 13. a4 Bxe4 14. Nd2=
1/2-1/2

[Event "King's Gambit (1500-1800)"]
[Site "SchemingMind.com"]
[Date "2008.12.22"]
[Round "-"]
[White "Harold"]
[Black "Lazaro"]
[Result "1-0"]
[WhiteCountry "GBR"]
[BlackCountry "CUB"]
[WhiteElo "1674"]
[WhiteRD "78"]
[BlackElo "1504"]
[BlackRD "74"]
[GameID "184060"]

1. e4 e5 2. f4 Qh4+ 3. g3 Qe7 4. Nc3 exf4 5. d4 fxg3 6. Bf4 Nf6 7. e5 Ne4 8. Nxe4 Qh4 9. Bxg3 Qxe4+ 10. Kf2 Nc6
11. Nf3 d6 12. Bd3
1-0

[Event "King's Gambit (1500-1800)"]
[Site "SchemingMind.com"]
[Date "2008.12.18"]
[Round "-"]
[White "Gary"]
[Black "Lazaro"]
[Result "0-1"]
[WhiteCountry "ENG"]
[BlackCountry "CUB"]
[WhiteElo "1619"]
[WhiteRD "73"]
[BlackElo "1580"]
[BlackRD "79"]
[GameID "184061"]

1. e4 e5 2. f4 exf4 3. Nf3 f5 4. exf5 d5 5. d4 Bd6 6. Nc3 Nf6 7. Bd3 O-O 8. O-O Nc6 9. Nb5 Ne4 10. Nxd6 Qxd6
11. c3 Bxf5 12. Nh4 Bd7 13. Re1 Rae8 14. Nf3 Bg4 15. h3 Bh5 16. Rf1 Ng5 17. Be2 Qf6 18. Qb3 Nxh3+
0-1

[Event "King's Gambit (1500-1800)"]
[Site "SchemingMind.com"]
[Date "2008.12.18"]
[Round "-"]
[White "jtrochez1"]
[Black "Lazaro"]
[Result "1-0"]
[WhiteCountry "HON"]
[BlackCountry "CUB"]
[WhiteElo "1580"]
[WhiteRD "48"]
[BlackElo "1504"]
[BlackRD "74"]
[GameID "184062"]

1. e4 e5 2. f4 Qh4+ 3. g3 Qe7 4. fxe5 d6 5. Bg2 dxe5 6. d3 Nf6 7. Nf3 Nc6 8. Bd2 Be6 9. a3 O-O-O 10. Nc3 h5
11. Bg5 Qc5 12. Qd2 Kb8 13. O-O-O Be7 14. Be3 Nd4 15. Bxd4 exd4 16. Nb1 Ng4 17. h4 Ne3 18. Rde1 Bf6 19. Bh3 Bb3 20. c3 Rhe8
21. Rxe3 dxe3 22. Qe2 Rd6 23. Nbd2 exd2+ 24. Kxd2
1-0

[Event "King's Gambit (1500-1800)"]
[Site "SchemingMind.com"]
[Date "2008.12.19"]
[Round "-"]
[White "sthorwall"]
[Black "Lazaro"]
[Result "1/2-1/2"]
[WhiteCountry "USA"]
[BlackCountry "CUB"]
[WhiteElo "1791"]
[WhiteRD "53"]
[BlackElo "1587"]
[BlackRD "81"]
[GameID "184064"]

1. e4 e5 2. f4 Qh4+ 3. g3 Qe7 4. Nc3 exf4 5. d4 fxg3 6. hxg3 d5 7. Qf3 dxe4 8. Nxe4 f5 9. Bg5 Qxe4+ 10. Qxe4+ fxe4
11. Bg2 Bf5 12. O-O-O Be7 13. Be3 Nf6 14. d5 Nbd7 15. Bh3 Bxh3 16. Rxh3 Ng4=
1/2-1/2

[Event "King's Gambit (1500-1800)"]
[Site "SchemingMind.com"]
[Date "2008.12.23"]
[Round "-"]
[White "Quanah4"]
[Black "Harold"]
[Result "0-1"]
[WhiteCountry "USA"]
[BlackCountry "GBR"]
[WhiteElo "1629"]
[WhiteRD "72"]
[BlackElo "1641"]
[BlackRD "77"]
[GameID "184078"]

1. e4 e5 2. f4 exf4 3. Nf3 d6 4. d4 g5 5. h3 Nc6 6. c4 Nf6 7. Nc3 Qe7 8. Bd3 g4 9. hxg4 Bxg4 10. Rf1 Nxd4
11. Ne2 Nxf3+ 12. gxf3 Bh3 13. Rg1 Nh5 14. Bxf4 Nxf4 15. Nxf4 Qh4+ 16. Ke2 Qxf4 17. Qc2 Bh6 18. Rh1 Qe3+ 19. Kd1 Qxf3+ 20. Be2 Qxh1+
0-1

[Event "King's Gambit (1500-1800)"]
[Site "SchemingMind.com"]
[Date "2008.12.18"]
[Round "-"]
[White "Quanah4"]
[Black "Gary"]
[Result "1-0"]
[WhiteCountry "USA"]
[BlackCountry "ENG"]
[WhiteElo "1642"]
[WhiteRD "79"]
[BlackElo "1412"]
[BlackRD "58"]
[GameID "184079"]

1. e4 e5 2. f4 exf4 3. d4 Qh4+ 4. Kd2 Qf2+ 5. Ne2 f3 6. Qe1 Qxe1+ 7. Kxe1 fxe2 8. Bxe2 Nf6 9. Nc3 Bb4 10. Bd2 O-O
11. Kf2 Bxc3 12. Bxc3 d5 13. e5 Ne4+ 14. Ke3 Nxc3 15. bxc3 Bf5 16. Kd2 c5 17. Rhf1 Be4 18. Bf3 f5 19. exf6 Rxf6 20. dxc5 Nc6
21. Rab1 Rb8 22. Bxe4 dxe4 23. Rfe1 Rf2+ 24. Re2 Rbf8 25. Rxb7 Ne5 26. Ke3 Nc4+ 27. Kxe4 Rxe2+ 28. Kd4 Rf4+ 29. Kd3
1-0

[Event "King's Gambit (1500-1800)"]
[Site "SchemingMind.com"]
[Date "2008.12.18"]
[Round "-"]
[White "Quanah4"]
[Black "jtrochez1"]
[Result "1-0"]
[WhiteCountry "USA"]
[BlackCountry "HON"]
[WhiteElo "1629"]
[WhiteRD "72"]
[BlackElo "1546"]
[BlackRD "48"]
[GameID "184080"]

1. e4 e5 2. f4 d6 3. d3 Nc6 4. Nf3 Be7 5. Nc3 Nf6 6. Be2 Bg4 7. O-O a6 8. fxe5 dxe5 9. h3 Bh5 10. Bg5 h6
11. Bxf6 gxf6 12. Rc1 Nd4 13. Nxd4 Bxe2 14. Ndxe2 c6 15. a3 Qb6+ 16. Kh1 Qa7 17. Na2 c5 18. c3 a5 19. c4 a4 20. Nec3 h5
21. Nd5 O-O-O 22. Nxe7+ Kb8 23. Nd5 h4 24. Nxf6 b6 25. Nc3 Rd4 26. Nb5 Qa5 27. Nxd4 cxd4 28. Nd5 Rh7 29. Rf5 Qa7 30. Rxe5 Rh8
31. Qd2 Rd8 32. Qb4
1-0

[Event "King's Gambit (1500-1800)"]
[Site "SchemingMind.com"]
[Date "2008.12.21"]
[Round "-"]
[White "Quanah4"]
[Black "Lazaro"]
[Result "1-0"]
[WhiteCountry "USA"]
[BlackCountry "CUB"]
[WhiteElo "1642"]
[WhiteRD "79"]
[BlackElo "1508"]
[BlackRD "77"]
[GameID "184082"]

1. e4 e5 2. f4 d5 3. exd5 exf4 4. Nf3 Nf6 5. c4 c6 6. dxc6 Nxc6 7. d4 Bb4+= 8. Nc3 O-O 9. Bxf4 Ne4 10. Qc2 Nxc3
11. bxc3 Nxd4 12. Nxd4 Qxd4 13. Bd2 Qe5+ 14. Be2 Bg4 15. O-O-O Ba3+ 16. Kb1 Bxe2 17. Rde1 Qh5 18. Qb3
1-0

[Event "King's Gambit (1500-1800)"]
[Site "SchemingMind.com"]
[Date "2008.12.19"]
[Round "-"]
[White "Quanah4"]
[Black "sthorwall"]
[Result "0-1"]
[WhiteCountry "USA"]
[BlackCountry "USA"]
[WhiteElo "1642"]
[WhiteRD "79"]
[BlackElo "1839"]
[BlackRD "57"]
[GameID "184083"]

1. e4 e5 2. f4 d5 3. fxe5 Qh4+ 4. Ke2 Qxe4+ 5. Kf2 Bc5+ 6. Kg3 Nh6 7. Qf3 Qg4+ 8. Qxg4 Nxg4 9. Nf3 Nf2 10. Rg1 Ne4+
11. Kf4 Bxg1 12. Nxg1 O-O 13. d3 f5 14. Be3 Kf7 15. dxe4 fxe4 16. Nc3 Ke6+ 17. Kg3 Kxe5 18. Nge2 Nc6 19. h3 d4 20. Bf4+ Rxf4
21. Nxf4 dxc3 22. bxc3 Bf5 23. Rd1 Rd8 24. Re1 g5 25. Nd3+ Kf6 26. Nc5 Rd2 27. Rxe4 Rxc2 28. Ra4 Rxc3+ 29. Kh2 Rxc5 30. Be2 a5
31. Bf3 b5 32. Ra3 Nb4 33. Rxa5 Nd5 34. g4 Bg6 35. Ra3 Rc2+ 36. Kg3 Nc3 37. Ra6+ Ke5 38. a3 Ra2 39. Rc6 Rxa3 40. Rc5+ Kd4
41. Rxc7 b4 42. Rd7+ Ke3 43. Re7+ Ne4+ 44. Kg2 b3 45. Rb7 Nd6 46. Re7+ Be4 47. Kg3 b2 48. Re6 b1=Q 49. Rxd6 Qg1+
0-1

[Event "King's Gambit (1500-1800)"]
[Site "SchemingMind.com"]
[Date "2008.12.23"]
[Round "-"]
[White "Harold"]
[Black "Quanah4"]
[Result "0-1"]
[WhiteCountry "GBR"]
[BlackCountry "USA"]
[WhiteElo "1641"]
[WhiteRD "77"]
[BlackElo "1629"]
[BlackRD "72"]
[GameID "184084"]

1. e4 e5 2. f4 exf4 3. Nf3 d5 4. exd5 Qxd5 5. Nc3 Qd8 6. d4 Bg4 7. Bxf4 a6 8. Bc4 Qe7+ 9. Kf2 Bxf3 10. Re1 Bxd1
11. Raxd1 Qxe1+ 12. Rxe1+ Be7 13. Bxc7 Nf6 14. d5 Kd7 15. Be5 Re8 16. Na4 Ra7 17. Nb6+ Kd8 18. d6 Ng4+ 19. Kg3 Nxe5 20. dxe7+ Rxe7
21. Nd5 Re6 22. Kf4 Ng6+
0-1

[Event "King's Gambit (1500-1800)"]
[Site "SchemingMind.com"]
[Date "2008.12.18"]
[Round "-"]
[White "Gary"]
[Black "Quanah4"]
[Result "0-1"]
[WhiteCountry "ENG"]
[BlackCountry "USA"]
[WhiteElo "1408"]
[WhiteRD "63"]
[BlackElo "1665"]
[BlackRD "79"]
[GameID "184085"]

1. e4 e5 2. f4 exf4 3. Nf3 Nc6 4. d4 g6 5. Bb5 Bg7 6. Bxf4 Nge7 7. O-O O-O 8. Nc3 d5 9. exd5 Nxd5 10. Nxd5 Qxd5
11. c4 Qd8 12. d5 Na5 13. Qc2 a6 14. Ba4 Bf5 15. Qc1 Rc8 16. Bh6 c6 17. Bxg7 Kxg7 18. b4 b5 19. bxa5 bxa4 20. Qc3+ Kg8
21. dxc6 Rxc6 22. Nd4 Rc5 23. Nxf5 Rxf5 24. Rxf5 gxf5 25. Rf1 Qd7 26. Qf6 Qe6 27. Qxe6 fxe6 28. Rb1 Kf7 29. Rb4 Rd8 30. Rxa4 Rd4
31. Kf2 e5 32. Rb4 Rd2+ 33. Kf3 Rxa2 34. Rb7+ Kg6 35. Rb6+ Kg5 36. Rxa6 e4+ 37. Ke3 Rxg2 38. Rb6 Rxh2 39. c5 Rh3+ 40. Ke2 Rh2+
0-1

[Event "King's Gambit (1500-1800)"]
[Site "SchemingMind.com"]
[Date "2008.12.18"]
[Round "-"]
[White "jtrochez1"]
[Black "Quanah4"]
[Result "1-0"]
[WhiteCountry "HON"]
[BlackCountry "USA"]
[WhiteElo "1546"]
[WhiteRD "48"]
[BlackElo "1629"]
[BlackRD "72"]
[GameID "184086"]

1. e4 e5 2. f4 exf4 3. Nf3 Nc6 4. d4 d6 5. h3 Nf6 6. Nc3 Be7 7. Bxf4 O-O 8. Be2 b6 9. d5 Na5 10. Qd2 Bb7
11. Nd4 c5 12. Nf5 Re8 13. O-O-O Rc8 14. g4 h6 15. Rhg1 Nh7 16. Kb1 g5 17. Nxh6+ Kf8 18. Rdf1 gxf4 19. Qxf4 f6 20. h4 Qd7
21. Nf5 Kf7 22. g5 Rg8 23. Nh6+ Kf8 24. Nxg8 Kxg8 25. gxf6+ Kf8 26. fxe7+ Kxe7 27. Rg7+ Kd8 28. Rxd7+ Kxd7 29. Qf7+ Kd8 30. Qxh7 Rc7
31. Rf8#
1-0

[Event "King's Gambit (1500-1800)"]
[Site "SchemingMind.com"]
[Date "2008.12.21"]
[Round "-"]
[White "Lazaro"]
[Black "Quanah4"]
[Result "1-0"]
[WhiteCountry "CUB"]
[BlackCountry "USA"]
[WhiteElo "1504"]
[WhiteRD "74"]
[BlackElo "1631"]
[BlackRD "76"]
[GameID "184088"]

1. e4 e5 2. f4 exf4 3. Bc4 Qh4+ 4. Kf1 Qe7 5. Nc3 Nf6 6. Nf3 Nxe4 7. Nd5 Qd8 8. Qe2 f5 9. d3 c6 10. Bxf4 cxd5
11. Bxd5 Be7 12. dxe4 fxe4 13. Qxe4 Nc6 14. Bd6 Rf8 15. Re1 b5 16. Bxc6 dxc6 17. Bxe7 Qc7 18. Bxf8+ Kxf8 19. Qe8#
1-0

[Event "King's Gambit (1500-1800)"]
[Site "SchemingMind.com"]
[Date "2008.12.19"]
[Round "-"]
[White "sthorwall"]
[Black "Quanah4"]
[Result "0-1"]
[WhiteCountry "USA"]
[BlackCountry "USA"]
[WhiteElo "1763"]
[WhiteRD "56"]
[BlackElo "1619"]
[BlackRD "75"]
[GameID "184089"]

1. e4 e5 2. f4 exf4 3. Bc4 Qh4+ 4. Kf1 Bc5 5. d4 Bb6 6. Nf3 Qe7 7. Ne5 Nh6 8. Bxf4 d6 9. Bxh6 gxh6 10. Nxf7 Rf8
11. Qh5 Qxe4 12. Nd2 Qf5+ 13. Qxf5 Bxf5 14. Re1+ Kd7 15. c3 Bg6 16. Re3 Bxf7 17. Ke1 Bxc4 18. Nxc4 Re8 19. Rxe8 Kxe8 20. Nxb6 axb6
21. a3 Nd7 22. Kd2 d5 23. Re1+ Kf7 24. Kd3 c5
0-1